Calculus and analytic geometry / (Record no. 4276)

MARC details
000 -LEADER
fixed length control field 00711cam a22002412 4500
001 - CONTROL NUMBER
control field 0000021301
005 - DATE AND TIME OF LATEST TRANSACTION
control field 20151217145933.0
008 - FIXED-LENGTH DATA ELEMENTS--GENERAL INFORMATION
fixed length control field 120312s xx 000 0 eng d
020 ## - INTERNATIONAL STANDARD BOOK NUMBER
International Standard Book Number 818501552x :
040 ## - CATALOGING SOURCE
Original cataloging agency KABU
Transcribing agency KABU
050 #0 - LIBRARY OF CONGRESS CALL NUMBER
Classification number QA303
Item number .T46 1984
100 1# - MAIN ENTRY--PERSONAL NAME
Personal name Thomas, George B.
-- 0000148454
245 10 - TITLE STATEMENT
Title Calculus and analytic geometry /
Statement of responsibility, etc. George B. Thomas, Ross L. Finney.
250 ## - EDITION STATEMENT
Edition statement 6th ed.
260 ## - PUBLICATION, DISTRIBUTION, ETC. (IMPRINT)
Place of publication, distribution, etc. Delhi :
Name of publisher, distributor, etc. Narosa,
Date of publication, distribution, etc. 1984.
300 ## - PHYSICAL DESCRIPTION
Extent xxi, 1041 p.
650 #0 - SUBJECT ADDED ENTRY--TOPICAL TERM
Topical term or geographic name as entry element Calculus.
-- 0000144959
650 #0 - SUBJECT ADDED ENTRY--TOPICAL TERM
Topical term or geographic name as entry element Geometry, Analytic.
-- 0000148455
700 1# - ADDED ENTRY--PERSONAL NAME
Personal name Finney, Ross L.
-- 0000148456
852 1# - LOCATION
-- p3070 KES
908 ## - PUT COMMAND PARAMETER (RLIN)
Put command parameter 120312
950 ## - LOCAL HOLDINGS (RLIN)
-- 1
Holdings
Withdrawn status Lost status Source of classification or shelving scheme Not for loan Home library Current library Date acquired Total Checkouts Full call number Barcode Date last seen Date last checked out Price effective from Koha item type
    Library of Congress Classification   Kabarak, Main Campus Kabarak, Main Campus 17/12/2015 12 QA303 .T46 1984 c. 1 032405 05/12/2022 22/11/2022 17/12/2015 General Collection
Designed with assistance from East African Informatics Ltd